| 000 | 00823 a2200217 4500 | ||
|---|---|---|---|
| 003 | Nust | ||
| 005 | 20170207153457.0 | ||
| 010 | _a 2005307287 | ||
| 020 | _a0975586017 | ||
| 040 | _cNust | ||
| 082 | _a954.91 | ||
| 100 | 1 | _aKhan, Sahabzada Yaqub. | |
| 245 | 1 | 0 |
_aStrategy, diplomacy, humanity : _blife and work of Sahabzada Yaqub-Khan / _ccompiled, edited, introduced by Anwar Dil. |
| 250 | _a1st ed. | ||
| 260 |
_aIslamabad ; San Diego : _bInternational Forum Takshila Research University, _c2005. |
||
| 300 |
_a396 p. : _bill. ; _c27 cm. |
||
| 505 | _aPart 1:- Selected Writings and Addresses by Shahabazda Yaqub Khan (Page-57) Part 2:- Supplementary Writings Life and Work of Shahabazda Yaqub Khan (Page-263) | ||
| 538 | _aAlmirah No.63 Shelf No.2 | ||
| 651 | 0 |
_aPakistan _xForeign relations. |
|
| 700 | 1 | _aDil, Anwar S. | |
| 942 |
_2ddc _cBK |
||
| 999 |
_c187143 _d187143 |
||